000 00987nam a2200301Ia 4500
005 20220316235314.0
008 121119s1999 sp gr 001 0 spa
020 _a8471123673
041 0 _aspa
082 0 4 _a808.899282
_bN56L
100 1 _aNobile, Angelo,
245 1 0 _aLiteratura infantil y juvenilica
_bla infancia y sus libros en la civilización tecnológica
_cAngelo Nobile
250 _aSegunda edición
264 1 _aMadrid
_bMorata
_c1999
300 _a192 páginas
336 _atexto
_btxt
_2rdacontent
337 _asin mediación
_bn
_2rdamedia
338 _avolumen
_bnc
_2rdacarrier
490 0 _aEducación infantil y primaria
500 _aIncluye índice de autores
504 _aIncluye bibliografía
650 1 4 _2LEMB
_aLiteratura española
650 1 4 _2LEMB
_aLiteratura infantil
_xEnseñanza
650 1 4 _2LEMB
_aPsicopedagogía
_xInvestigaciones
650 1 4 _2LEMB
_aEducación de niños
942 _2ddc
_cBKLIT
040 _aCO-BoRNBP
_bspa
_erda
_cCO-BoRNBP
999 _c550
_d550